000 00483pam a2200181 a 4500
020 _a8187540125
_c75.00
041 _aeng
_hNULL
082 _a616
_bDAR
100 _aDARWESH, J .
245 _aHISTORY OF TAKING MADE EASY /
_cNULL.
_hTextual Documents
260 _aNULL :
_bTHE NATIONAL BOOK DEPOT ,
_c2001.
300 _a130 :
_bvii ;
_cA4 .
365 _a75.00
_e4
907 _a1444
_a1445
_a1446
_a1447
930 _a299
999 _c794835
_d794835
650 _aGEN.MEDICINE